Masterpieces of modern architecture

Modern architecture merges the dreams and technological experience of humanity. This illustrated book examines 48 works that have changed the face of our planet. It probes a century of great constructions, seeking in these glass, steel and concrete masterpieces the very essence of our civilization,...

Descrición completa

Gardado en:
Detalles Bibliográficos
Formato: Libro
Idioma:Undetermined
Publicado: New York Barnes & Noble 2006
Những chủ đề:
Các nhãn: Engadir etiqueta
Sen Etiquetas, Sexa o primeiro en etiquetar este rexistro!
Thư viện lưu trữ: Trung tâm Học liệu Trường Đại học Cần Thơ
LEADER 00896nam a2200181Ia 4500
001 CTU_191314
008 210402s9999 xx 000 0 und d
082 |a 720.9 
082 |b M423 
245 0 |a Masterpieces of modern architecture 
245 0 |c Matteo Agnoletto ... [et al.] 
260 |a New York 
260 |b Barnes & Noble 
260 |c 2006 
520 |a Modern architecture merges the dreams and technological experience of humanity. This illustrated book examines 48 works that have changed the face of our planet. It probes a century of great constructions, seeking in these glass, steel and concrete masterpieces the very essence of our civilization, through the legacies they have left us and their extraordinary insight into our future 
650 |a Modern architecture,Kiến trúc hiện đại 
904 |i Qhieu 
980 |a Trung tâm Học liệu Trường Đại học Cần Thơ